UBT Library

Understanding Foodservice Financial Management (Record no. 51046)

000 -LEADER
fixed length control field 00314nam a22001337a 4500
008 - FIXED-LENGTH DATA ELEMENTS--GENERAL INFORMATION
fixed length control field 181029b xxu||||| |||| 00| 0 eng d
020 ## - INTERNATIONAL STANDARD BOOK NUMBER
International Standard Book Number 0871897954
041 ## - LANGUAGE CODE
Language code of text/sound track or separate title eng
080 ## - UNIVERSAL DECIMAL CLASSIFICATION NUMBER
Universal Decimal Classification number 612.39
100 ## - Rafti
Rafti 10
101 ## - Shkurtesa
Shkurtesa NUT
245 ## - TITLE STATEMENT
Title Understanding Foodservice Financial Management
Statement of responsibility, etc Sneed,J
942 ## - ADDED ENTRY ELEMENTS (KOHA)
Source of classification or shelving scheme
Item type Books
Holdings
Withdrawn status Lost status Source of classification or shelving scheme Damaged status Not for loan Collection code Permanent location Current location Shelving location Date acquired Total Checkouts Full call number Barcode Date last seen Price effective from Koha item type
          Koleksioni i përgjithshem UBT - Lipjan UBT - Lipjan Koleksioni i përgjithshem 10/29/2018   612.39 SNE 002-3016466 10/29/2018 10/29/2018 Books
UBT Library © 2015-2024. All rights reserved University Education for Business and Technology